Cuando todos se vayan: Antología.

Bewaard in:
Bibliografische gegevens
Hoofdauteur: Teillier, Jorge, 1935-1996
Andere auteurs: Warnken, Cristián (selección), Pfeiffer, Ernesto (selección), Arestizábal, Germán (ilustraciones)
Formaat: Onbekend
Taal:Engels
Gepubliceerd in: Valparaíso, Chile: Universidad de Valparaíso (UV), 2023.
Editie:Primera edición.
Reeks:Colección Poesía.
Onderwerpen:
Tags: Voeg label toe
Geen labels, Wees de eerste die dit record labelt!

MARC

LEADER 00000 a2200000 4500
003 CL-VaPUC
005 20230718103059.0
008 230510t2023 ||||| |||| 00| 0 eng d
999 |c 440705  |d 440703 
020 |a 978-956-214-240-3 
040 |c Pontificia Universidad Católica de Valparaíso 
082 |2 22  |a Ch861 TEI 2023 
100 |a Teillier, Jorge,   |9 326721  |d 1935-1996 
245 |a Cuando todos se vayan:   |b Antología. 
250 |a Primera edición. 
260 |a Valparaíso, Chile:   |b Universidad de Valparaíso (UV),  |c 2023. 
300 |a 263 páginas. 
490 |a Colección Poesía.  
583 |k Catalogador Asistente  |c 20230510 
600 0 |9 326721  |a Teillier, Jorge,   |d 1935-1996  |x Antología poética  
650 0 |a Poesía chilena  |y Siglo 20  |9 882123 
700 |9 882119  |a Warnken, Cristián   |e selección 
700 |9 866950  |a Pfeiffer, Ernesto  |e selección 
700 |9 546498  |a Arestizábal, Germán  |e ilustraciones 
942 |2 ddc  |c BK 
952 |0 0  |1 0  |2 ddc  |4 0  |6 CH_861_000000000000000_TEI_2023  |7 0  |8 A  |9 589945  |a BIBART  |b BIBART  |c GEN  |d 2023-05-10  |e 159  |g 12000.00  |i 5657365  |l 1  |o Ch861 TEI 2023  |p 5657365  |r 2025-03-13  |s 2023-06-22  |t 1  |v 12000.00  |w 2023-05-10  |y BK  |k ART